[Event "Challenge"]
[Site "http://www.queenalice.com/game.php?id=529690"]
[Date "2009.1.26"]
[Round "-"]
[White "eco"]
[Black "KLEOJ"]
[Result "0-1"]
[WhiteElo "1952"]
[BlackElo "2067"]

1. e4 d5 2. exd5 Nf6 3. Bb5+ Bd7 4. Bc4 Bg4 5. Nf3 Nxd5 6. h3 Bh5 7. d3 e6 8.
Nbd2 Bc5 9. Ne4 Be7 10. Ng3 Bg6 11. Ne5 Nd7 12. Nxg6 hxg6 13. Qf3 c6 14. Bd2 Ne5
15. Qe4 Nxc4 16. Qxc4 Rh4 17. Qb3 Qc7 18. O-O-O a5 19. c4 a4 20. Qc2 Nf4 21.
Bxf4 Qxf4+ 22. Qd2 Qxd2+ 23. Rxd2 Bg5 24. Kc2 Bxd2 25. Kxd2 O-O-O 26. Kc2 Rhd4
27. Rd1 f5 28. Ne2 R4d6 29. Nc3 e5 30. f3 Kc7 31. Nxa4 e4 32. fxe4 fxe4 33. Nc5
exd3+ 34. Kd2 b6 35. Na6+ Kb7 36. Nb4 g5 37. Re1 R8d7 38. Re3 Rf6 39. Nxd3 Rf2+
40. Re2 Rxe2+ 41. Kxe2 Rd4 42. b3 g4 43. Ke3 gxh3 44. gxh3 Rh4 45. Nf4 g5 46.
Ne6 Rxh3+ 47. Ke4 g4 48. Kf4 g3 49. Ng5 Rh5 50. Nf3 g2 51. Kg3 Rg5+ 52. Kf2 Rg8
53. Ng1 b5 54. c5 b4 55. Ne2 Ka6 56. Ng1 Kb5 57. Nf3 Kxc5 58. Kg1 Rg3 59. Nh4
Kd5 60. Nxg2 Kd4 61. Kf2 Rxg2+ 0-1

[Event "Challenge"]
[Site "http://www.queenalice.com/game.php?id=533373"]
[Date "2009.2.1"]
[Round "-"]
[White "enrikov"]
[Black "eco"]
[Result "1-0"]
[WhiteElo "1969"]
[BlackElo "1843"]

1. c4 e5 2. Nc3 Nc6 3. Nf3 Bc5 4. e3 d6 5. d4 exd4 6. exd4 Bb4 7. Be2 Nf6 8. O-O
O-O 9. Qc2 Bg4 10. Be3 Bxc3 11. Qxc3 d5 12. cxd5 Nxd5 13. Qc2 Re8 14. Qd2 Nce7
15. Ne5 Bxe2 16. Qxe2 Nf5 17. Rad1 Re6 18. Rfe1 Qe7 19. Qf3 Nfxe3 20. fxe3 c6
21. e4 Nf6 22. Rd2 Rd8 23. Ng4 Nxe4 24. Rde2 Ng5 25. Qd3 Qb4 26. Qf5 Rxe2 27.
Rxe2 Qxd4+ 28. Kf1 Ne6 29. Nf2 1-0

[Event "mestre"]
[Site "http://www.queenalice.com/game.php?id=569619"]
[Date "2009.4.10"]
[Round "-"]
[White "victorlobo"]
[Black "eco"]
[Result "0-1"]
[WhiteElo "975"]
[BlackElo "1952"]

1. e4 e5 2. Bc4 Bc5 3. Qf3 Qf6 4. Nc3 c6 5. a3 b5 6. Bb3 d6 7. Nh3 Qxf3 8. gxf3
Bxh3 9. d3 Ne7 10. Bg5 Ng6 11. Be3 Bg2 12. Rg1 Bxe3 13. Rxg2 Bd4 14. Nd1 Nd7 15.
c3 Bb6 16. h3 Rg8 17. a4 Nf4 18. Rg5 Nxd3+ 19. Ke2 N3c5 20. Ra3 Nxb3 21. Rxb3
Nc5 22. Rb4 Nxa4 23. h4 Bc5 24. Rb3 Nb6 25. h5 h6 26. Rf5 Nc4 27. f4 exf4 28.
Rxf4 Na5 29. Rb4 Bxb4 30. cxb4 Nc4 31. b3 Ne5 32. Ne3 a5 33. Nf5 Kd7 34. Nd4 a4
35. Kd2 a3 36. Nc2 a2 37. Na1 Ra6 38. Kc3 Ke6 39. Rf5 d5 40. Kd4 f6 41. f4 Nf3+
42. Ke3 dxe4 43. Kxe4 Nd2+ 44. Ke3 Kxf5 45. Kxd2 Rd8+ 46. Ke3 Rd1 47. Nc2 a1=Q
48. Nxa1 Raxa1 49. Ke2 Ke4 50. Kf2 Kxf4 51. Ke2 Rdb1 52. Kd2 Rxb3 53. Kc2 Rh3
54. Kb2 Rg1 55. Kc2 Rg2+ 56. Kd1 Rh1# 0-1

[Event "Challenge"]
[Site "http://www.queenalice.com/game.php?id=575685"]
[Date "2009.4.21"]
[Round "-"]
[White "neromann"]
[Black "eco"]
[Result "1-0"]
[WhiteElo "2091"]
[BlackElo "1893"]

1. d4 d5 2. c4 e6 3. Nf3 Nf6 4. a3 dxc4 5. Nc3 c5 6. e3 Nc6 7. Bxc4 a6 8. O-O
Qc7 9. Qe2 b5 10. Ba2 c4 11. e4 Bb7 12. d5 Nd8 13. Bg5 Be7 14. d6 Qxd6 15. e5
Qc6 16. exf6 Bxf6 17. Be3 O-O 18. Rfd1 e5 19. Bb1 Qe6 20. Ne4 Be7 21. Neg5 Bxf3
22. Qxf3 Bxg5 23. Qxa8 Bxe3 24. fxe3 Qb6 25. Qe4 g6 26. Qxe5 Ne6 27. Rd6 Qa7 28.
Bc2 1-0

[Event "AUTO-OPEN-1394"]
[Site "http://www.queenalice.com/game.php?id=583523"]
[Date "2009.5.5"]
[Round "2"]
[White "eco"]
[Black "yanpom"]
[Result "1-0"]
[WhiteElo "1932"]
[BlackElo "1896"]

1. e4 e5 2. Bc4 Nf6 3. d4 exd4 4. Nf3 c5 5. e5 Ng4 6. h3 Nxf2 7. Kxf2 Nc6 8. Re1
Be7 9. c3 O-O 10. Bf4 Bh4+ 11. g3 Be7 12. Qc2 a6 13. a4 Qb6 14. Nbd2 dxc3 15.
bxc3 Na5 16. Rab1 Qd8 17. Bd3 g6 18. Bh6 Re8 19. Nc4 Nxc4 20. Bxc4 Bf8 21. Qd2
Bxh6 22. Qxh6 d5 23. exd6 Rxe1 24. Rxe1 Be6 25. Bxe6 fxe6 26. Rxe6 1-0

[Event "AUTO-OPEN-1394"]
[Site "http://www.queenalice.com/game.php?id=583524"]
[Date "2009.5.5"]
[Round "2"]
[White "yanpom"]
[Black "eco"]
[Result "1-0"]
[WhiteElo "1748"]
[BlackElo "1956"]

1. e4 e5 2. Nf3 Nc6 3. Bc4 Bc5 4. O-O Nf6 5. d3 d6 6. h3 h5 7. Be3 Bxe3 8. fxe3
Na5 9. Bb3 Nxb3 10. axb3 Be6 11. Nc3 c6 12. Ng5 Qd7 13. Nxe6 Qxe6 14. Re1 g5 15.
d4 d5 16. exd5 Nxd5 17. Nxd5 Qxd5 18. c4 Qd6 19. d5 c5 20. e4 a6 21. Qf3 Rd8 22.
Rf1 Rd7 23. Qf5 Qe7 24. Ra5 1-0

[Event "AUTO-OPEN-1394"]
[Site "http://www.queenalice.com/game.php?id=583525"]
[Date "2009.5.5"]
[Round "2"]
[White "eco"]
[Black "Pagano"]
[Result "0-1"]
[WhiteElo "1918"]
[BlackElo "2087"]

1. e4 a6 2. Bc4 b5 3. Bb3 Bb7 4. d3 g6 5. Nf3 Bg7 6. Ng5 e6 7. O-O Ne7 8. c3 O-O
9. h4 c5 10. Nd2 d5 11. exd5 Nxd5 12. Ndf3 Qc7 13. Qe2 Re8 14. h5 h6 15. Nh3 g5
16. Nh2 Nc6 17. c4 Nd4 18. Qd1 bxc4 19. Bxc4 Be5 20. Ng4 Bg7 21. f4 f5 22. Ne3
Nxf4 23. Nf2 Nxg2 24. Nh3 Nxe3 0-1

[Event "AUTO-OPEN-1394"]
[Site "http://www.queenalice.com/game.php?id=583526"]
[Date "2009.5.5"]
[Round "2"]
[White "Pagano"]
[Black "eco"]
[Result "1-0"]
[WhiteElo "2101"]
[BlackElo "1905"]

1. f4 e5 2. fxe5 d6 3. exd6 Bxd6 4. Nf3 Bg4 5. e4 Nc6 6. Bb5 Ne7 7. d4 O-O 8. e5
Bb4+ 9. c3 Ba5 10. O-O Bb6 11. Kh1 a6 12. Bd3 Ng6 13. Bg5 Bxf3 14. Bxd8 Bxd1 15.
Bxc7 Bxc7 16. Rxd1 Rad8 17. Be2 Nf4 18. Bf3 Nd5 19. Bxd5 Rxd5 20. Nd2 b5 21. Ne4
Rfd8 22. Rf1 b4 23. g3 a5 24. Rac1 Na7 25. a4 bxa3 26. bxa3 Rb5 27. c4 Rb3 28.
Ng5 Rd7 29. e6 fxe6 30. Nxe6 Rb8 31. d5 Be5 32. g4 h6 33. h4 Rf7 34. c5 Rc8 35.
Rf5 Rxf5 36. gxf5 Nb5 37. a4 Nc3 38. d6 Bf6 39. Rxc3 1-0

[Event "Challenge"]
[Site "http://www.queenalice.com/game.php?id=587907"]
[Date "2009.5.13"]
[Round "-"]
[White "Carlos3000"]
[Black "eco"]
[Result "0-1"]
[WhiteElo "1651"]
[BlackElo "1831"]

1. e4 e5 2. d3 Bc5 3. Nf3 d6 4. Nc3 Bg4 5. Nb5 a6 6. Nc3 Nc6 7. h3 Bh5 8. Be2
Nf6 9. a3 O-O 10. O-O Ne7 11. b4 Ba7 12. Rb1 Bxf3 13. Bxf3 d5 14. exd5 Nexd5 15.
Nxd5 Nxd5 16. Bxd5 Qxd5 17. c4 Qd7 18. Re1 Qf5 19. Be3 b6 20. Qf3 Qxd3 21. c5
Qxa3 22. Qc6 Rfc8 23. Bc1 Qc3 24. Bb2 Qxb4 25. Rxe5 bxc5 26. Rbe1 h6 27. Ba1 Qb6
28. Qd7 Qd6 29. Qf5 Qg6 30. Qxg6 fxg6 31. Bc3 Rf8 32. g3 c4 33. Rf1 Bb6 34. Ra1
Rxf2 35. Kh1 Rf3 36. Be1 Bd4 37. Re7 Bxa1 38. Rxc7 c3 39. Bxc3 Bxc3 40. Rc6 Rxg3
41. h4 a5 42. Rxc3 Rxc3 43. Kg2 Rb8 44. Kf2 Rb2+ 45. Ke1 Rc1# 0-1

[Event "Challenge"]
[Site "http://www.queenalice.com/game.php?id=593476"]
[Date "2009.5.25"]
[Round "-"]
[White "degrau"]
[Black "eco"]
[Result "1-0"]
[WhiteElo "1861"]
[BlackElo "1883"]

1. d4 d5 2. Bf4 Nf6 3. Nc3 Nc6 4. Nb5 e5 5. dxe5 Nh5 6. Bg3 a6 7. Nc3 Bb4 8. f4
d4 9. a3 Bxc3+ 10. bxc3 dxc3 11. Qxd8+ Nxd8 12. O-O-O Bg4 13. Rd3 Nc6 14. Rxc3
O-O-O 15. Rd3 Bf5 16. Rxd8+ Rxd8 17. e3 h6 18. Be2 Nxg3 19. hxg3 Ne7 20. Bf3 Bh7
21. Nh3 c6 22. Rd1 Nf5 23. Bg4 Rxd1+ 24. Kxd1 Kc7 25. Bxf5 Bxf5 26. Nf2 Kd7 27.
c3 Ke6 28. e4 Bh7 29. Kd2 f5 30. exf6 Kxf6 31. Nd3 Bxe4 32. Nc5 Bxg2 33. Nxb7
1-0

[Event "Challenge"]
[Site "http://www.queenalice.com/game.php?id=593477"]
[Date "2009.5.25"]
[Round "-"]
[White "eco"]
[Black "degrau"]
[Result "0-1"]
[WhiteElo "1861"]
[BlackElo "1878"]

1. e4 e5 2. Bc4 h6 3. Qh5 Qf6 4. Nc3 c6 5. b3 b5 6. Be2 g6 7. Qf3 h5 8. h3 Bc5
9. Bb2 Bd4 10. Qxf6 Nxf6 11. d3 b4 12. Na4 c5 13. c3 bxc3 14. Nxc3 Bb7 15. Nf3
d6 16. Nxd4 cxd4 17. Nb5 Kd7 18. Rc1 Nc6 19. Ba3 Ne8 20. Bb2 a6 21. Na3 Ng7 22.
Nc4 Ke6 23. Bf3 Nb4 24. Rd1 Nxa2 25. O-O Rab8 26. Ra1 Nb4 27. Be2 d5 28. exd5+
Bxd5 29. Ba3 Nc2 30. Ra2 Rxb3 31. Bc5 Nb4 32. Bxb4 Rxb4 33. Rxa6+ Kf5 34. Rd6
Bxc4 35. dxc4 Ne6 36. Rc1 Rd8 37. Rd5 Rc8 0-1

[Event "Eco x fox"]
[Site "http://www.queenalice.com/game.php?id=698342"]
[Date "2009.12.15"]
[Round "-"]
[White "foxwinehousefox"]
[Black "eco"]
[Result "0-1"]
[WhiteElo "1100"]
[BlackElo "1810"]

1. d4 e5 2. dxe5 Bc5 3. Be3 Bxe3 4. fxe3 Qg5 5. Qd2 Qxe5 6. g4 Qxb2 7. Bg2 Qxa1
8. Qd1 d6 9. h3 f5 10. gxf5 Nc6 11. c3 Bxf5 12. e4 Bg6 13. h4 Nf6 14. h5 Bxe4
15. Bxe4 Nxe4 16. Qd2 Nxd2 17. Kxd2 Qxb1 18. a4 O-O 19. Rh4 Ne5 20. Nf3 Rxf3 21.
exf3 Nxf3+ 22. Ke2 Nxh4 23. Ke3 Re8+ 24. Kd4 Qe4# 0-1

[Event "revanche"]
[Site "http://www.queenalice.com/game.php?id=736450"]
[Date "2010.2.23"]
[Round "-"]
[White "eco"]
[Black "foxwinehousefox"]
[Result "1-0"]
[WhiteElo "1814"]
[BlackElo "1066"]

1. e4 e5 2. Nf3 Nf6 3. Nxe5 Nxe4 4. Qe2 Ng5 5. Nc6+ Qe7 6. Nxe7 Bxe7 7. d4 f6 8.
Nc3 O-O 9. Qxe7 d6 10. Qxc7 Nc6 11. Qxd6 Re8+ 12. Be3 Bf5 13. O-O-O Rad8 14.
Bc4+ Kh8 15. Qc5 b6 16. Qxf5 g6 17. Qxf6# 1-0